• 首页
  • 本馆介绍
  • 公告通知
  • 最新文献
  • 馆藏检索
  • 电子资源
  • 读者导购
  • 参考咨询
  • 我的图书馆
  • 登录
  • 详细信息显示
  • 放入我的书架
  • 预约/预借图书
  • 作者相关作品
  • 分类相关作品
  • 丛书相关作品
  • 出版社相关作品

书目信息

  • 表格格式
  • 工作单格式
  • 卡片格式
题名:
旅游电子商务
    
 
作者: 杜文才 主编
分册:  
出版信息: 北京   清华大学出版社  2006
页数: 13,351页
开本: 26cm
丛书名:
单 册:
中图分类: F590.6-39
科图分类:
主题词: 旅游业--电子商务--教材 , 旅游业 , 电子商务
电子资源:
ISBN: 7-302-13617-3
000 00902nam0 2200265 450
001 003237071
005 20091221090824.55
010    @a7-302-13617-3@dCNY32.00
100    @a20060529d2006 em y0chiy0110 ea
101 0  @achi
102    @aCN@b110000
105    @ay z 000yy
106    @ar
200 1  @a旅游电子商务@9lv you dian zi shang wu@f杜文才主编
210    @a北京@c清华大学出版社@d2006
215    @a13,351页@d26cm
300    @a教育部面向21世纪 旅游管理专业教育教学改革工程项目配套教材 清华版·高等院校旅游与饭店管理专业规划教材/马勇、田里总主编
330    @a本书共十一章,分电子商务导论、技术基础和应用实务三个部分,整合旅游电子商务技术、应用与管理为一体。
606 0  @a旅游业@x电子商务@j教材
606 0  @a旅游业
606 0  @a电子商务
690    @aF590.6-39@v4
701  0 @a杜文才@9du wen cai@f(1953~)@4主编
801  0 @aCN@bNLC@c20091221
905    @b20798270-75@dF590.6-39@e283@f6
    
    旅游电子商务/杜文才主编.-北京:清华大学出版社,2006
    13,351页;26cm
    教育部面向21世纪 旅游管理专业教育教学改革工程项目配套教材 清华版·高等院校旅游与饭店管理专业规划教材/马勇、田里总主编
    
    ISBN 7-302-13617-3:CNY32.00
    本书共十一章,分电子商务导论、技术基础和应用实务三个部分,整合旅游电子商务技术、应用与管理为一体。
●
相关链接 在E读中查询图书 在五车中查询图书 在当当中查询图书 在豆瓣中查询图书


正题名:旅游电子商务     索取号:F590.6-39/283         预约/预借

序号 登录号 条形码 馆藏地/架位号 状态 备注
1 798270   207982708   第一样本阅览室/ [索取号:F590.6-39/283] 在馆    
2 798271   207982717   第一借阅区/ [索取号:F590.6-39/283] 在馆    
3 798272   207982726   第一借阅区/ [索取号:F590.6-39/283] 在馆    
4 798273   207982735   第一借阅区/ [索取号:F590.6-39/283] 在馆    
5 798274   207982744   第一借阅区/ [索取号:F590.6-39/283] 在馆    
6 798275   207982753   密集书库-资源管理系/ [索取号:F590.6-39/283] 在馆    
唐山师范学院图书馆 欢迎您!
大连网信软件有限公司© 版权所有